Click the U.S. States that start with N - Whammies - Statistics

General Stats
  • This quiz has been taken 41 times
  • The average score is 8 of 8
Answers on the Map
Answers color-coded by a green-red scale on the quiz's map according to % correct below.
 
Answer Stats
Answer % Correct
Nevada
97%
New Mexico
97%
New York
97%
North Dakota
97%
Nebraska
94%
North Carolina
94%
New Hampshire
91%
New Jersey
91%
No matching quizzes found
Score Distribution
Percent of People with Each Score
Percentile by Number Answered
Your Score History
You have not taken this quiz